Územní systémy ekologické stability, zkušenosti z projektování a perspektivy realizace.

Pohľady na úspechy dosiahnuté v projekčnej sfére pri presadzovaní koncepcie ÚES a nové podmienky potrebné na ich realizáciu (legislatívna základňa, metodické podklady, čiastkové kroky vlastnej realizácie ap.). Charakterizovanie nebezpečenstiev vyplývajúcich z dosiahnutých výsledkov.

Gespeichert in:
Bibliographische Detailangaben
1. Verfasser: Míchal, I.
Weitere Verfasser: Rivola, M.
Format: Buchkapitel
Sprache:Tschechisch
Schlagworte:
Tags: Tag hinzufügen
Keine Tags, Fügen Sie das erste Tag hinzu!

MARC

LEADER 00000naa a2200000 4500
001 r011267
005 20220831091039.8
041 0 |a cze 
044 |a [CS] 
245 1 0 |a Územní systémy ekologické stability, zkušenosti z projektování a perspektivy realizace.  |c I. Míchal, M. Rivola 
520 |a Pohľady na úspechy dosiahnuté v projekčnej sfére pri presadzovaní koncepcie ÚES a nové podmienky potrebné na ich realizáciu (legislatívna základňa, metodické podklady, čiastkové kroky vlastnej realizácie ap.). Charakterizovanie nebezpečenstiev vyplývajúcich z dosiahnutých výsledkov. 
610 2 0 |a plánovanie územné 
610 2 0 |a ekológia 
610 2 0 |a Čechy 
100 1 |a Míchal, I. 
700 1 |a Rivola, M.